logo

Bir Sreshtho Munshi Abdur Rouf Library
Jhenaidah Cadet College

Trigonometry / (Record no. 8866)

MARC details
000 -LEADER
fixed length control field 00708nam a2200265 a 4500
001 - CONTROL NUMBER
JCCL Control Number 8866
003 - CONTROL NUMBER IDENTIFIER
JCCL marc code BD - JhCC
005 - DATE AND TIME OF LATEST TRANSACTION
control field 20180305111542.0
008 - FIXED-LENGTH DATA ELEMENTS--GENERAL INFORMATION
fixed length control field 911008s1991 enka 000 0 eng d
020 ## - INTERNATIONAL STANDARD BOOK NUMBER
International Standard Book Number 0340549130
035 ## - SYSTEM CONTROL NUMBER
system control number (BD - JhCC)8866
040 ## - CATALOGING SOURCE
Original cataloging agency BD-JhCC
Modifying agency BD-JhCC
041 ## - LANGUAGE CODE
Language code of Book eng
082 ## - DEWEY DECIMAL CLASSIFICATION NUMBER
Classification number 516.24
DDC Edition number 20
Author mark and Year ABB 1991
100 1# - MAIN ENTRY--PERSONAL NAME
Personal name Abbott, P.
Fuller form of name (Percival),
Dates associated with a name 1869-1954.
245 10 - TITLE STATEMENT
Title Trigonometry /
Statement of responsibility, etc P. Abbott and M.E. Wardle
250 ## - EDITION STATEMENT
Edition statement 3rd ed
260 ## - PUBLICATION, DISTRIBUTION, ETC. (IMPRINT)
Place of publication, distribution, etc Sevenoaks :
Name of publisher, distributor, etc Hodder and Stoughton,
Date of publication, distribution, etc 1991
300 ## - PHYSICAL DESCRIPTION
Pagination x, 193 p ;
Dimensions 20 cm
650 #0 - SUBJECT ADDED ENTRY--TOPICAL TERM
Topical term or geographic name as entry element Trigonometry
700 1# - ADDED ENTRY--PERSONAL NAME
Personal name Wardle, Michael,
Dates associated with a name 1939 July 11-
830 #0 - SERIES ADDED ENTRY--UNIFORM TITLE
Uniform title Teach yourself books.
942 ## - ADDED ENTRY ELEMENTS (KOHA)
Source of classification or shelving scheme Dewey Decimal Classification
Koha item type Books
Holdings
Source of classification or shelving scheme Damaged status Not for loan Home library Current library Shelving location Total Checkouts Full call number Barcode Date last seen Copy number Koha item type
Dewey Decimal Classification     JCC Rouf Library JCC Rouf Library General Stacks   516.24 ABB 1991 11886 03/05/2018 C - 1 Books

JCC Library | Contacts | JCC Home

Last Update on 23 September 2017
Copyright @ 2017-2020 JCC Rouf Library
Rouf Library, Jhenidah Cadet College (JCC), Bangladesh